| 000 | 00433nam a2200157 i 4500 | ||
|---|---|---|---|
| 001 | 101141 | ||
| 003 | ES-MaACL | ||
| 005 | 20230906182828.0 | ||
| 007 | t| | ||
| 008 | 051013s1946 sp ||||1| spa d | ||
| 100 | 1 |
_aMaugham, J. _979190 |
|
| 245 | 1 | 0 |
_aBanco _b: biografĂa del dinero / _cJ. Maugham. |
| 260 |
_aMadrid : _bLibros y Revistas, _c1946. |
||
| 300 |
_a163 p. : _bil. ; _c21 cm. |
||
| 852 |
_aES-MaACL _jB-10388 _bR.22793 |
||
| 999 |
_c101141 _d101141 |
||